000 00349nam a22001337a 4500
020 _a0070494576
040 _cnust
082 _22nd Edition
_a621.4023
_bGAN
100 _aGanesan V
_955528
245 _aInternel Combustion Engines
260 _aNew York:
_bMcGraw- Hill,
_c2004.
650 _aInternel Combustion Engines
_9122770
942 _2ddc
_cBK
999 _c609210
_d609210